Council of Baltic Sea States Countries - Statistics

General Stats
  • This quiz has been taken 46 times
  • The average score is 20 of 22
Answer Stats
# Country % Correct
Germany
100%
Latvia
100%
Lithuania
100%
Poland
100%
Russia
100%
United Kingdom
100%
Observers Belarus
98%
Estonia
98%
Finland
98%
Norway
98%
Sweden
98%
Members Denmark
95%
Netherlands
93%
France
90%
Ukraine
90%
Hungary
83%
Iceland
83%
Italy
83%
United States
83%
Slovakia
80%
Spain
80%
Romania
70%
No matching quizzes found
Score Distribution
Percent of People with Each Score
Percentile by Number Answered
Your Score History
You have not taken this quiz